Oggettivita giuridica della cose incorporali

Salvato in:
Dettagli Bibliografici
Autore principale: Messinetti, Davide (autor)
Natura: Libro
Lingua:italiano
Pubblicazione: Milán Dott. A. Giuffre 1970
Serie:Universita di Roma
Soggetti:
Tags: Aggiungi Tag
Nessun Tag, puoi essere il primo ad aggiungerne!!

MARC

LEADER 00000nam a2200000 a 4500
001 UCV2724
003 CL-VaPUC
008 921030e19700000IT |||||||||||||||||ita|d
082 0 4 |a 346.44  |b MES  |2 21 
100 |a Messinetti, Davide  |e autor  |9 297004 
245 1 0 |a Oggettivita giuridica della cose incorporali 
300 |a 329 p 
942 |c BK 
945 |d 19921030 00:00:00 
260 |a Milán  |b Dott. A. Giuffre  |c 1970 
650 0 |a Filosofía del derecho   |9 255050 
583 |a last modification  |c 19921030 00:00:00  |k Rodrigo Vera 
490 0 |a Universita di Roma 
999 |c 210225  |d 210223 
952 |0 0  |1 0  |4 0  |6 346_440000000000000_MES_1970  |7 0  |8 A  |9 186307  |a BIBDER  |b BIBDER  |d 2019-11-14  |i 2537745  |o 346.44 MES 1970  |p 2537745  |r 2023-01-25  |w 2019-11-14  |y BK  |k DER